| 000 | 00619nam a2200217 u 4500 | ||
|---|---|---|---|
| 005 | 20240228063742.0 | ||
| 008 | 130422s2005 ch r 000 0 spa d | ||
| 020 | _a9561301156 | ||
| 035 | _aUPN01000190757 | ||
| 049 | _aI | ||
| 050 | 4 |
_aPQ7519 D5 _bA4.2a 2005 |
|
| 100 | 1 |
_aDarío, Rubén, _d1867-1916 |
|
| 245 | 1 | 0 |
_aA Margarita / _cRubén Darío ; il. Alicia Silva Encina. |
| 250 | _a7a ed. | ||
| 260 |
_aSantiago de Chile : _bAndrés Bello, _c2005. |
||
| 300 |
_a13 p. : _bil. col. |
||
| 650 | 4 |
_aPoesía nicaragüense _91307 |
|
| 650 | 4 |
_aRimas infantiles _910247 |
|
| 905 | _aInfantil | ||
| 999 |
_c162860 _d162860 |
||